000 00421nam a2200109Ia 4500
008 160531s9999 xx 000 0 und d
100 _aFarghaly, Samir A.
245 _aGynecologic Cancers: Basic Sciences, Clinical and Therapeutic Perspectives
245 _cby Samir A. Farghaly (ed.)
260 _c2016
856 _uhttp://www.intechopen.com/books/gynecologic-cancers-basic-sciences-clinical-and-therapeutic-perspectives
999 _c295307
_d295307